| 000 | 00605nam a22001697a 4500 | ||
|---|---|---|---|
| 003 | DO-SdBNP | ||
| 005 | 20180126131327.0 | ||
| 008 | 151208b 1986 mx xxu||||| |||| 00| 0 spa d | ||
| 040 |
_aBPMSU _bspa _cBPMSU |
||
| 092 |
_aXXXXX _bXXXXX |
||
| 245 | 1 | 0 |
_aJóvenes, construyamos la civilización del amor : _bporción bíblica de estudio y reflexión para la juventud de América Latina _cCELAM y SBU. |
| 260 |
_aMéxico, D.F. : _bSociedades Bíblicas Unidas, _c1986. |
||
| 300 |
_a168 p. : _bil., retrs. ; _c18 cm. |
||
| 942 |
_2ddc _cBK |
||
| 945 | _aInventariado, 2018 / BT | ||
| 956 |
_aLorenza Pérez _b10 |
||
| 999 |
_c9050 _d9050 |
||